[Event "It (young masters)"]
[Site "Hengelo (Netherlands)"]
[Date "2007.08.07"]
[Round "3"]
[White "Van Eijk Sander (NED)"]
[Black "Muhren Bianca (NED)"]
[Result "1-0"]
[WhiteElo "2274"]
[BlackElo "2334"]
[PlyCount "105"]
[EventDate "2007.??.??"]
[Source "www.chesslib.no"]
[SourceDate "2004.05.04"]

1. e4 c5 2. Nf3 d6 3. d4 cxd4 4. Nxd4 Nf6 5. Nc3 a6 6. Bc4 b5 7. Bd5 Nxd5 8. exd5 Bb7 9. O-O b4 10. Na4 Bxd5 11. Re1 Nd7 12. Bg5 Qa5 13. c4 Bxg2 14. c5 dxc5 15. Nf5 O-O-O 16. Kxg2 f6 17. Be3 e6 18. Ng3 Be7 19. a3 f5 20. Qc2 Kb7 21. axb4 Qxb4 22. Bd2 Qb5 23. Rxe6 Rhe8 24. Qxf5 Ka7 25. Qe4 Nf6 26. Rxe7+ Rxe7 27. Qxe7+ Rd7 28. Qxc5+ Qxc5 29. Nxc5 Rxd2 30. Nge4 Nxe4 31. Rxa6+ Kb8 32. Nxe4 Rxb2 33. Re6 Rb7 34. Re8+ Ka7 35. Nd6 Rd7 36. Re7 Rxe7 37. Nc8+ Kb7 38. Nxe7 Kc7 39. Kf3 Kd7 40. Nd5 Ke6 41. Ne3 Kf6 42. h4 h6 43. Nf1 g6 44. Ke4 Ke6 45. f4 Kf6 46. Ng3 Ke6 47. h5 g5 48. f5+ Kf6 49. Nf1 Kf7 50. Ke5 Ke7 51. Nh2 Kf7 52. Ng4 Kg7 53. Ke6 1-0

[Event "V Regina Helena Marques Prol"]
[Site "Santos BRA"]
[Date "2007.05.26"]
[Round "10"]
[White "Larrea, M."]
[Black "Viana da Costa, F."]
[Result "1/2-1/2"]
[WhiteElo "2317"]
[BlackElo "2288"]
[PlyCount "121"]
[EventDate "2007.05.19"]
[Source "www.chesslib.no"]
[SourceDate "2004.05.04"]

1. e4 c5 2. Nc3 a6 3. Nf3 d6 4. d4 cxd4 5. Nxd4 Nf6 6. Bc4 g6 7. f3 Bg7 8. Be3 b5 9. Bb3 Nbd7 10. a4 bxa4 11. Nc6 Qc7 12. Bxa4 Nb6 13. Bxb6 Qxb6 14. e5 dxe5 15. Nxe5+ Kf8 16. Bb3 Be6 17. Bxe6 Qxe6 18. Qe2 Nd5 19. Nxd5 Bxe5 20. Rd1 Kg7 21. c3 Rhd8 22. f4 Rxd5 23. Rxd5 Bxc3+ 24. bxc3 Qxd5 25. Kf2 e6 26. Rd1 Qc5+ 27. Qe3 Rc8 28. Qxc5 Rxc5 29. Rd6 a5 30. Ra6 Kf6 31. Ke2 Kf5 32. Ra7 f6 33. g3 h5 34. Kd3 h4 35. c4 hxg3 36. hxg3 e5 37. fxe5 Kxe5 38. Ra6 g5 39. Ke3 Kf5 40. Kf3 Ke5 41. Ke3 f5 42. Ra8 Rxc4 43. Rxa5+ Kf6 44. Ra6+ Kg7 45. Ra7+ Kg6 46. Kf3 Rc3+ 47. Kg2 Kh5 48. Ra4 Rc2+ 49. Kg1 Re2 50. Rb4 Re4 51. Rb2 Kg4 52. Kg2 Re3 53. Rb4+ f4 54. gxf4 gxf4 55. Kf2 Ra3 56. Rb2 Rh3 57. Rb8 Rh2+ 58. Kg1 Rc2 59. Rb3 Re2 60. Kf1 Ra2 61. Rc3 1/2-1/2

[Event "Moscow-ch"]
[Site "Moscow"]
[Date "1997.??.??"]
[Round "1"]
[White "Sakov, Anatolij J"]
[Black "Dvalishvili, Pavel S"]
[Result "0-1"]
[WhiteElo "2225"]
[BlackElo "2370"]
[PlyCount "104"]
[EventDate "1997.??.??"]
[Source "www.chesslib.no"]
[SourceDate "2004.05.04"]

1. e4 c5 2. Nf3 d6 3. d4 cxd4 4. Nxd4 Nf6 5. Nc3 a6 6. Bc4 b5 7. Bb3 Bb7 8. O-O Nbd7 9. f3 g6 10. Be3 Bg7 11. a4 b4 12. Nd5 a5 13. c3 bxc3 14. Nxc3 O-O 15. Bc4 Ne5 16. Bb5 d5 17. exd5 Nxd5 18. Nxd5 Qxd5 19. Qe2 Ng4 20. fxg4 Bxd4 21. Bxd4 Qxd4+ 22. Kh1 Qb4 23. Rad1 Rad8 24. Bc4 Rxd1 25. Rxd1 Bc6 26. b3 Qb7 27. Rd2 e6 28. h3 Qc7 29. Qd3 Rc8 30. Ba6 Rb8 31. Bc4 Rc8 32. Ba6 Bb7 33. Bc4 Qe5 34. Re2 Qf4 35. Qd2 Qc7 36. Re3 Rd8 37. Rd3 Rxd3 38. Qxd3 Qe5 39. Qd2 Kg7 40. Kg1 h6 41. Kh1 g5 42. Kg1 Bc6 43. Qf2 Qc3 44. Qe2 e5 45. Qf1 Qe3+ 46. Qf2 Qxf2+ 47. Kxf2 Kf6 48. b4 axb4 49. a5 Ke7 50. a6 Kd6 51. Bxf7 Kc5 52. g3 Kd4 0-1

[Event "AUT-chT2O 9495"]
[Site "Austria"]
[Date "1995.??.??"]
[Round "?"]
[White "Honfi, Karoly"]
[Black "Nagel, Herbert"]
[Result "1-0"]
[WhiteElo "2380"]
[BlackElo "2210"]
[PlyCount "33"]
[EventDate "1994.??.??"]
[Source "www.chesslib.no"]
[SourceDate "2004.05.04"]

1. e4 c5 2. Nf3 d6 3. d4 cxd4 4. Nxd4 Nf6 5. Nc3 a6 6. Bc4 b5 7. Bb3 Bb7 8. Qe2 e6 9. Bg5 Nbd7 10. O-O-O Nc5 11. e5 h6 12. Bh4 g5 13. exf6 gxh4 14. Bxe6 Qxf6 15. Bc8+ Kd8 16. Bxb7 Nxb7 17. Qe4 1-0

[Event "AUT-chT 9596"]
[Site "Austria"]
[Date "1996.??.??"]
[Round "?"]
[White "Balinov, Ilija"]
[Black "Wiedner, Robert"]
[Result "1-0"]
[WhiteElo "2360"]
[BlackElo "2225"]
[PlyCount "43"]
[EventDate "1995.??.??"]
[Source "ChessBase"]

1. e4 c5 2. Nf3 d6 3. d4 cxd4 4. Nxd4 Nf6 5. Nc3 a6 6. Bc4 b5 7. Bb3 Bb7 8. O-O e5 9. Nf5 Nc6 10. Bg5 h6 11. Bxf6 Qxf6 12. a4 g6 13. axb5 gxf5 14. bxc6 Bxc6 15. Bd5 Bxd5 16. Qxd5 Rc8 17. Rxa6 Be7 18. Qb7 Qe6 19. Nd5 Bd8 20. exf5 Qxf5 21. Rxd6 Bg5 22. Ne3 1-0

[Event "Bad Woerishofen op"]
[Site "Bad Woerishofen"]
[Date "2001.03.15"]
[Round "1"]
[White "Antoniacci, Ricardo"]
[Black "Gutman, Lev"]
[Result "0-1"]
[WhiteElo "2052"]
[BlackElo "2527"]
[PlyCount "64"]
[EventDate "2001.03.15"]
[Source "ChessBase"]
[SourceDate "2001.05.06"]

1. e4 c5 2. Nf3 d6 3. d4 cxd4 4. Nxd4 Nf6 5. Nc3 a6 6. Bc4 b5 7. Bb3 Bg4 8. f3 Bd7 9. Bg5 e6 10. O-O Be7 11. Kh1 O-O 12. a3 Nc6 13. f4 Rc8 14. Nf3 Na5 15. e5 dxe5 16. Nxe5 Bc6 17. Nxc6 Rxc6 18. Qf3 Qc7 19. Rad1 Nc4 20. Bxc4 Rxc4 21. Rd2 h6 22. Bh4 Rc8 23. Bg3 Qc6 24. Qd1 Bxa3 25. Rd8+ Rxd8 26. Qxd8+ Qe8 27. Qa5 Bxb2 28. Nd1 Ra4 29. Qe1 Bd4 30. c3 Bc5 31. Qe5 Qc6 32. Nf2 Ra2 0-1

[Event "Ch Quebec"]
[Site "Quebec (Canada)"]
[Date "2007.06.23"]
[Round "3"]
[White "Khassanov Marat (CAN)"]
[Black "Voskanian Vahagn (ARM)"]
[Result "1/2-1/2"]
[WhiteElo "2302"]
[BlackElo "2275"]
[PlyCount "82"]
[EventDate "2007.??.??"]
[Source "www.chesslib.no"]
[SourceDate "2004.05.04"]

1. e4 c5 2. Nf3 d6 3. d4 cxd4 4. Nxd4 Nf6 5. Nc3 a6 6. Bc4 Qc7 7. Bb3 e6 8. O-O b5 9. f4 Bb7 10. f5 e5 11. Nf3 Be7 12. Re1 Nbd7 13. a4 b4 14. Nd5 Nxd5 15. Bxd5 Nf6 16. Bxb7 Qxb7 17. Qd3 O-O 18. Bg5 Ng4 19. Bxe7 Qxe7 20. Re2 Qa7+ 21. Kh1 Nf2+ 22. Rxf2 Qxf2 23. Rf1 Qb6 24. Ng5 Qd4 25. Qf3 f6 26. Ne6 Qxb2 27. Nxf8 Kxf8 28. Qe2 Qc3 29. Rd1 Qc6 30. a5 Rb8 31. Rd5 Rc8 32. h4 Qxc2 33. Qxa6 Qc1+ 34. Kh2 Qf4+ 35. Kh3 Rc3+ 36. Rd3 Rxd3+ 37. Qxd3 Ke7 38. a6 Qf2 39. Qd5 Qe3+ 40. g3 Qe1 41. a7 Qf1+ 1/2-1/2

[Event "Moscow Ch Open"]
[Site "Moscow RUS"]
[Date "1995.??.??"]
[Round "6"]
[White "Ivashko, Sergey"]
[Black "Dvalishvili, Pavel S"]
[Result "0-1"]
[WhiteElo "2215"]
[BlackElo "2360"]
[PlyCount "33"]
[EventDate "1995.??.??"]
[Source "www.chesslib.no"]
[SourceDate "2004.05.04"]

1. e4 c5 2. Nf3 d6 3. d4 cxd4 4. Nxd4 Nf6 5. Nc3 a6 6. Bc4 b5 7. Bb3 Bb7 8. f3 Nbd7 9. a3 Rc8 10. O-O g6 11. f4 Bg7 12. Re1 Rxc3 13. bxc3 Nxe4 14. f5 Qc7 15. Bb2 Ne5 16. Re3 O-O 17. Qe2 0-1

[Event "Corr"]
[Site "?"]
[Date "2000.10.15"]
[Round "?"]
[White "Connor Steve (ENG)"]
[Black "Eriksen Ove P.(DEN)"]
[Result "1-0"]
[WhiteElo "2237"]
[BlackElo "2335"]
[PlyCount "47"]
[EventDate "2000.??.??"]
[Source "www.chesslib.no"]
[SourceDate "2004.05.04"]

1. e4 c5 2. Nf3 d6 3. d4 cxd4 4. Nxd4 Nf6 5. Nc3 a6 6. Bc4 g6 7. O-O Bg7 8. Bb3 O-O 9. Re1 Nbd7 10. Bg5 Ne5 11. Qd2 Bd7 12. Rad1 Rc8 13. f4 Nc4 14. Bxc4 Rxc4 15. e5 dxe5 16. fxe5 Ng4 17. Nd5 f6 18. exf6 exf6 19. Bh4 Re8 20. b3 Rc5 21. c4 Rxe1+ 22. Qxe1 Qf8 23. Ne6 Qd6 24. Nxf6+ 1-0

[Event "Dieren op"]
[Site "Dieren"]
[Date "1997.??.??"]
[Round "5"]
[White "Afek, Yochanan"]
[Black "Vink, Nico"]
[Result "1/2-1/2"]
[WhiteElo "2380"]
[BlackElo "2190"]
[PlyCount "82"]
[EventDate "1997.07.??"]
[Source "www.chesslib.no"]
[SourceDate "2004.05.04"]

1. e4 c5 2. Nf3 d6 3. d4 cxd4 4. Nxd4 Nf6 5. Nc3 a6 6. Bc4 Nbd7 7. a4 Qc7 8. Ba2 Nc5 9. O-O e6 10. Qe1 Qb6 11. Be3 Be7 12. h3 O-O 13. Nb3 Qc6 14. Nxc5 dxc5 15. Bg5 c4 16. Rd1 b5 17. e5 Bb7 18. f3 Nd5 19. Bxe7 Nxe7 20. Ne4 Qb6+ 21. Kh2 Bxe4 22. Qxe4 Qc6 23. Qxc6 Nxc6 24. f4 Nb4 25. Bb1 Nd5 26. Rf3 Rab8 27. axb5 Rxb5 28. Ba2 Rc8 29. b3 c3 30. b4 Nxb4 31. Rxc3 Rbb8 32. Rxc8+ Rxc8 33. Bb3 g6 34. c4 a5 35. Rd4 Na6 36. Rd6 Nc5 37. Ba2 Rb8 38. Rc6 Nd3 39. Ra6 Nc1 40. Rxa5 Rc8 41. c5 Nxa2 1/2-1/2

[Event "Bled op18th"]
[Site "Bled"]
[Date "1997.??.??"]
[Round "9"]
[White "Muellneritsch, Anton"]
[Black "Schaller, Sven"]
[Result "0-1"]
[WhiteElo "2285"]
[BlackElo "2280"]
[PlyCount "70"]
[EventDate "1997.03.15"]
[Source "ChessBase"]

1. e4 c5 2. Nf3 d6 3. d4 cxd4 4. Nxd4 Nf6 5. Nc3 a6 6. Bc4 e5 7. Nf5 Be6 8. Bb3 Qc7 9. g4 Nbd7 10. g5 Nxe4 11. Nxg7+ Bxg7 12. Nxe4 Qc6 13. Qe2 O-O-O 14. Bd2 d5 15. Ng3 e4 16. O-O-O Nc5 17. Kb1 Rhe8 18. Bf4 Na4 19. Bxa4 Qxa4 20. Nh5 Bxb2 21. Kxb2 d4 22. a3 Rd5 23. Ra1 d3 24. cxd3 Rb5+ 25. Kc1 Rc5+ 26. Kd2 Rc2+ 27. Ke3 Rxe2+ 28. Kxe2 Bg4+ 29. Kd2 Qa5+ 30. Kc2 exd3+ 31. Kxd3 Bf5+ 32. Kc4 Qa4+ 33. Kc3 Qc2+ 34. Kd4 Re4+ 35. Kd5 Qc6# 0-1

[Event "FRA"]
[Site "France"]
[Date "1993.??.??"]
[Round "?"]
[White "Lamoureux, Charles"]
[Black "Schall, Alain"]
[Result "1-0"]
[WhiteElo "2345"]
[BlackElo "2200"]
[PlyCount "57"]
[EventDate "1993.??.??"]
[Source "www.chesslib.no"]
[SourceDate "2004.05.04"]

1. e4 c5 2. Nf3 d6 3. d4 cxd4 4. Nxd4 Nf6 5. Nc3 a6 6. Bc4 Qc7 7. Qe2 Nc6 8. Be3 g6 9. f3 Bg7 10. O-O-O Na5 11. Bd3 b5 12. g4 b4 13. Nb1 Nd7 14. Nd2 Nc5 15. Kb1 Na4 16. Nc4 Rb8 17. Nxa5 Qxa5 18. Bc4 Bd7 19. Nb3 Qc7 20. Bd4 Bxd4 21. Nxd4 O-O 22. h4 Rbc8 23. Bb3 Nxb2 24. Kxb2 e5 25. h5 exd4 26. hxg6 hxg6 27. Qh2 Kg7 28. g5 Rh8 29. Qf4 1-0

[Event "SVK Team Ch"]
[Site "Slovakia"]
[Date "1994.??.??"]
[Round "?"]
[White "Majzlan, Igor"]
[Black "Djubek, Boris"]
[Result "1/2-1/2"]
[WhiteElo "2280"]
[BlackElo "2265"]
[PlyCount "55"]
[EventDate "1994.??.??"]
[Source "www.chesslib.no"]
[SourceDate "2004.05.04"]

1. e4 c5 2. Nf3 d6 3. d4 Nf6 4. Nc3 cxd4 5. Nxd4 a6 6. Bc4 Nc6 7. O-O g6 8. Nxc6 bxc6 9. e5 Ng4 10. Re1 d5 11. Nxd5 cxd5 12. Bxd5 Be6 13. Bc6+ Bd7 14. Bxa8 Qxa8 15. e6 Bxe6 16. Rxe6 Nxf2 17. Kxf2 fxe6 18. Be3 Bg7 19. c3 O-O+ 20. Kg1 Qd5 21. Qe2 Rb8 22. h3 Qb5 23. Qg4 Qf5 24. Qc4 Qd5 25. Qe2 Qb5 26. Qg4 Qf5 27. Qc4 Qd5 28. Qe2 1/2-1/2

[Event "Moscow ol (Men)"]
[Site "Moscow"]
[Date "1994.??.??"]
[Round "9"]
[White "Dukaczewski, Piotr"]
[Black "Akintola, Fola"]
[Result "1/2-1/2"]
[WhiteElo "2200"]
[BlackElo "2340"]
[PlyCount "136"]
[EventDate "1994.11.??"]
[Source "ChessBase"]

1. e4 c5 2. Nf3 d6 3. d4 cxd4 4. Nxd4 Nf6 5. Nc3 a6 6. Bc4 e5 7. Nde2 Be6 8. Bb3 Be7 9. O-O Nbd7 10. Bg5 O-O 11. Ng3 Kh8 12. Bxf6 Nxf6 13. Nd5 Rc8 14. Nxf6 Bxf6 15. Qd3 g6 16. Rad1 Be7 17. c3 Rc5 18. Rd2 Qc7 19. Rfd1 Qc8 20. Qe2 Bg4 21. f3 Be6 22. Qe3 Qc7 23. Rd3 Kg7 24. Qe1 Rb5 25. Bxe6 fxe6 26. b3 Rc5 27. Nf1 Rc8 28. c4 b5 29. Ne3 Qb6 30. Kh1 b4 31. Qg3 Re8 32. h4 h5 33. Qh3 Bf8 34. g4 Qa7 35. gxh5 gxh5 36. Rg1+ Kh7 37. Rg5 Qf7 38. Nf1 Be7 39. Ng3 Bxg5 40. hxg5 Rh8 41. Kg2 Rc6 42. Nxh5 Kg8 43. Nf6+ Qxf6 44. gxf6 Rxh3 45. Kxh3 Kf7 46. Kg3 Kxf6 47. Kf2 Ke7 48. Ke3 Rc5 49. Rd2 Ra5 50. Rc2 Kd7 51. Kd2 Ra3 52. Kc1 a5 53. Kb2 a4 54. c5 axb3 55. axb3 d5 56. c6+ Kc7 57. Rc5 dxe4 58. fxe4 Ra6 59. Rc4 Rb6 60. Kb1 Rxc6 61. Rxb4 Kd6 62. Kb2 Rc8 63. Ra4 Rh8 64. Rc4 Rh3 65. Ka3 Rg3 66. Kb4 Kd7 67. Ka4 Rd3 68. Kb4 Kd6 1/2-1/2

[Event "Havana Provincial"]
[Site "Havana"]
[Date "1999.??.??"]
[Round "?"]
[White "Pujols, Carlos"]
[Black "Poyato, Antonio"]
[Result "1-0"]
[WhiteElo "2330"]
[BlackElo "2205"]
[PlyCount "123"]
[EventDate "1999.??.??"]
[Source "www.chesslib.no"]
[SourceDate "2004.05.04"]

1. e4 c5 2. Nf3 d6 3. d4 cxd4 4. Nxd4 Nf6 5. Nc3 a6 6. Bc4 Qc7 7. Bb3 e6 8. Be3 Bd7 9. g4 h6 10. f3 Nc6 11. Qd2 b5 12. O-O-O Nxd4 13. Qxd4 a5 14. a4 b4 15. Nb5 Bxb5 16. axb5 a4 17. b6 Qc6 18. Bc4 Nd7 19. Bd3 b3 20. Qc4 Qb7 21. Kd2 bxc2 22. Rc1 Be7 23. Qc7 Qxc7 24. bxc7 O-O 25. Bb5 Nc5 26. Bxc5 dxc5 27. Bd7 Bg5+ 28. Kxc2 Bxc1 29. Rxc1 Rfc8 30. Bxc8 Rxc8 31. Ra1 Rxc7 32. Rxa4 Kf8 33. Kc3 Ke7 34. Ra5 Kd6 35. Kc4 Rb7 36. Rb5 Ra7 37. Rxc5 Ra1 38. Kb5 Rh1 39. Rc2 Rf1 40. Rc3 Rf2 41. b4 Rxh2 42. Kb6 Rd2 43. b5 f5 44. exf5 exf5 45. Rc6+ Ke7 46. Kc7 Rd7+ 47. Kc8 Rd8+ 48. Kc7 Rd7+ 49. Kb8 fxg4 50. fxg4 Rd4 51. b6 Rxg4 52. b7 h5 53. Kc7 Rb4 54. Rb6 Rc4+ 55. Rc6 Rb4 56. b8=Q Rxb8 57. Kxb8 Kf7 58. Kc7 h4 59. Kb6 g5 60. Kc5 Kg7 61. Kd4 h3 62. Ke3 1-0

[Event "Corr"]
[Site "?"]
[Date "2000.07.17"]
[Round "?"]
[White "Alvim Carlos Antonio"]
[Black "Monteverde Italo"]
[Result "1-0"]
[WhiteElo "2165"]
[BlackElo "2364"]
[PlyCount "137"]
[EventDate "2000.??.??"]
[Source "www.chesslib.no"]
[SourceDate "2004.05.04"]

1. e4 c5 2. Nf3 d6 3. d4 cxd4 4. Nxd4 Nf6 5. Nc3 a6 6. Bc4 Nbd7 7. Bb3 Nc5 8. O-O e6 9. f4 Nfxe4 10. Nxe4 Nxe4 11. Be3 Nc5 12. f5 Nxb3 13. cxb3 e5 14. Ne6 Bxe6 15. fxe6 fxe6 16. Qh5+ g6 17. Qg4 Qd7 18. Rf6 O-O-O 19. Qb4 Qb5 20. Rc1+ Kb8 21. Qxb5 axb5 22. Rf7 d5 23. Bb6 Bh6 24. Rcc7 Rd6 25. Rxb7+ Ka8 26. Ra7+ Kb8 27. Bc5 Rc6 28. b4 Bg5 29. Rfb7+ Kc8 30. Rxb5 Bd8 31. a4 d4 32. a5 d3 33. Be3 Rc7 34. Rc5 Kb8 35. Ra6 Rxc5 36. bxc5 Kb7 37. Rxe6 Bxa5 38. b4 Bc7 39. b5 Kc8 40. b6 Kd7 41. Rf6 Bb8 42. c6+ Ke7 43. Rf3 Kd6 44. c7 Bxc7 45. bxc7 Kxc7 46. Bd2 e4 47. Rf6 Re8 48. Kf2 Kd7 49. Ke3 g5 50. Ra6 h5 51. Ra4 Re5 52. Rxe4 Rb5 53. Kxd3 g4 54. Ra4 Ke6 55. Ra5 Rb1 56. Rxh5 Rg1 57. g3 Rd1 58. Rg5 Rh1 59. Rxg4 Rxh2 60. Rh4 Rg2 61. g4 Ke5 62. g5 Rg1 63. Rf4 Rg2 64. Rf1 Rg3+ 65. Be3 Kd5 66. Rg1 Rxg1 67. Bxg1 Ke5 68. Be3 Kf5 69. Kd4 1-0

[Event "TCh-ISL 2004-5"]
[Site "?"]
[Date "2005.03.04"]
[Round "5"]
[White "Kristjansson Olafur"]
[Black "Gretarsson Andri A"]
[Result "1/2-1/2"]
[WhiteElo "2209"]
[BlackElo "2316"]
[PlyCount "32"]
[EventDate "2005.??.??"]
[Source "www.chesslib.no"]
[SourceDate "2004.05.04"]

1. e4 c5 2. Nf3 d6 3. d4 cxd4 4. Nxd4 Nf6 5. Nc3 a6 6. Bc4 b5 7. Bb3 Bb7 8. O-O Nbd7 9. a4 b4 10. Nd5 e6 11. Nxf6+ Nxf6 12. Bg5 Qa5 13. Bxf6 gxf6 14. Re1 Rg8 15. Re3 Be7 16. g3 Qc5 1/2-1/2

[Event "Bad Bevensen (22.06.-30.06)"]
[Site "?"]
[Date "2002.06.27"]
[Round "6"]
[White "Bakhmatov Eduard"]
[Black "Gelzenleichter Siegfried"]
[Result "1-0"]
[WhiteElo "2283"]
[BlackElo "2240"]
[PlyCount "75"]
[EventDate "2002.??.??"]
[Source "www.chesslib.no"]
[SourceDate "2004.05.04"]

1. e4 c5 2. Nf3 d6 3. d4 cxd4 4. Nxd4 Nf6 5. Nc3 a6 6. Bc4 b5 7. Bb3 e5 8. Nf5 h6 9. Be3 Bb7 10. Nd5 Nbd7 11. f3 g6 12. Ng3 Nxd5 13. Bxd5 Bxd5 14. Qxd5 Be7 15. O-O h5 16. f4 O-O 17. Rad1 Rc8 18. c3 h4 19. Ne2 Qc7 20. fxe5 Nxe5 21. Bd4 Qc4 22. Nf4 Qxd5 23. Nxd5 Bg5 24. a4 f5 25. exf5 Rxf5 26. Rxf5 gxf5 27. axb5 axb5 28. Ra1 Nc6 29. Be3 Bxe3+ 30. Nxe3 b4 31. Nxf5 bxc3 32. bxc3 d5 33. Rd1 Rd8 34. Nxh4 d4 35. cxd4 Nxd4 36. Rd2 Kf7 37. Kf2 Ke7 38. Rxd4 1-0

[Event "Ticino Open"]
[Site "Ticino"]
[Date "1994.??.??"]
[Round "6"]
[White "Forster, Richard"]
[Black "Cordara, Michele"]
[Result "1-0"]
[WhiteElo "2330"]
[BlackElo "2190"]
[PlyCount "77"]
[EventDate "1994.??.??"]
[Source "www.chesslib.no"]
[SourceDate "2004.05.04"]

1. e4 c5 2. Nf3 d6 3. d4 cxd4 4. Nxd4 Nf6 5. Nc3 a6 6. Bc4 Qc7 7. Bb3 g6 8. f3 Bg7 9. Be3 Nbd7 10. Qd2 h6 11. O-O-O b5 12. Rhe1 Bb7 13. Kb1 Nb6 14. g4 Nc4 15. Bxc4 Qxc4 16. h4 Nd7 17. h5 g5 18. Nd5 Bxd5 19. exd5 Ne5 20. Nf5 Bf6 21. Qf2 Rc8 22. Bd4 Kd7 23. Bxe5 Bxe5 24. Rxe5 dxe5 25. d6 Ke6 26. dxe7 f6 27. c3 Qc5 28. Qd2 Qc6 29. Qd3 b4 30. c4 Rhe8 31. Qd5+ Qxd5 32. cxd5+ Kd7 33. d6 Rc6 34. Ng7 Rec8 35. Nf5 a5 36. Nxh6 Rxd6 37. Rxd6+ Kxd6 38. Nf5+ Kd5 39. Ng7 1-0

[Event "Capablanca mem-C"]
[Site "Cuba"]
[Date "1993.??.??"]
[Round "6"]
[White "Hernandez, Yadira"]
[Black "Gonzalez Rodriguez, Jorge A"]
[Result "1-0"]
[WhiteElo "2130"]
[BlackElo "2385"]
[PlyCount "44"]
[EventDate "1993.??.??"]
[Source "www.chesslib.no"]
[SourceDate "2004.05.04"]

1. e4 c5 2. Nf3 d6 3. d4 cxd4 4. Nxd4 Nf6 5. Nc3 a6 6. Bc4 b5 7. Bb3 Bb7 8. O-O Nbd7 9. Re1 Nc5 10. Bg5 e6 11. Bd5 exd5 12. exd5+ Kd7 13. b4 Na4 14. Nxa4 bxa4 15. c4 Kc7 16. Qxa4 Qd7 17. Qa5+ Kb8 18. Bxf6 gxf6 19. Qb6 Rg8 20. Re3 Bh6 21. Re7 Rxg2+ 22. Kxg2 Qg4+ 1-0

[Event "otb"]
[Site "otb"]
[Date "2007.02.10"]
[Round "1"]
[White "Shchukin Dmitry"]
[Black "Fedoseev Vladimir"]
[Result "1/2-1/2"]
[WhiteElo "2336"]
[BlackElo "2166"]
[PlyCount "46"]
[Source "www.chesslib.no"]
[SourceDate "2004.05.04"]

1. e4 c5 2. Nf3 d6 3. d4 cxd4 4. Nxd4 Nf6 5. Nc3 a6 6. Bc4 b5 7. Bd5 Nxd5 8. exd5 Bb7 9. a3 g6 10. O-O Bg7 11. Re1 O-O 12. Bg5 Re8 13. Qd2 Nd7 14. Bh6 Nf6 15. Bxg7 Kxg7 16. Rad1 Rc8 17. Re3 Qd7 18. Rh3 h5 19. Rf3 Rh8 20. Qg5 Qg4 21. Qe3 Qd7 22. Qg5 Qg4 23. Qe3 Qd7 1/2-1/2

[Event "Bad Homburg GER"]
[Site "?"]
[Date "2006.06.18"]
[Round "6.5"]
[White "Chandler Patrick"]
[Black "Lisanti Andre"]
[Result "1-0"]
[WhiteElo "2199"]
[BlackElo "2295"]
[PlyCount "107"]
[EventDate "2006.??.??"]
[Source "www.chesslib.no"]
[SourceDate "2004.05.04"]

1. Nf3 c5 2. e4 d6 3. d4 cxd4 4. Nxd4 Nf6 5. Nc3 a6 6. Bc4 Qc7 7. Bb3 e6 8. g4 h6 9. h4 Nbd7 10. Rg1 Nc5 11. Qe2 b5 12. g5 hxg5 13. hxg5 b4 14. Nd5 Nxd5 15. exd5 Nxb3 16. axb3 Qc5 17. Qe4 Bb7 18. g6 Qxd5 19. gxf7+ Kxf7 20. Qg6+ Kg8 21. Be3 e5 22. Nf5 Qf7 23. Nh6+ Rxh6 24. Qxh6 Bf3 25. Qg6 Qxg6 26. Rxg6 Be4 27. Rg4 d5 28. Rxe4 dxe4 29. Ra5 Rc8 30. Kd2 Rd8+ 31. Kc1 Bd6 32. Rxa6 Rd7 33. c4 Kf7 34. Rb6 Be7 35. Kc2 g5 36. c5 Rc7 37. Rxb4 Bxc5 38. Rc4 Bd6 39. Bxg5 Ke6 40. Be3 Kd5 41. Rxc7 Bxc7 42. Kc3 Ba5+ 43. b4 Bc7 44. Kb3 Bd8 45. Ka4 Kc4 46. b3+ Kc3 47. b5 Bc7 48. Bc5 Bb8 49. b6 e3 50. Bxe3 Bd6 51. Kb5 Kxb3 52. Bc5 Bb8 53. Kc6 Kc4 54. Bd6 1-0

[Event "NED-ch U20"]
[Site "?"]
[Date "2000.05.04"]
[Round "4"]
[White "Amesz Jaap"]
[Black "Vink Nico"]
[Result "1-0"]
[WhiteElo "2185"]
[BlackElo "2302"]
[PlyCount "73"]
[EventDate "2000.??.??"]
[Source "www.chesslib.no"]
[SourceDate "2004.05.04"]

1. e4 c5 2. Nf3 d6 3. d4 cxd4 4. Nxd4 Nf6 5. Nc3 a6 6. Bc4 Nbd7 7. O-O Qc7 8. Bb3 Nc5 9. Nd5 Nxd5 10. exd5 g6 11. Re1 h6 12. c3 Nxb3 13. axb3 Bg7 14. Qe2 Bf6 15. Nb5 Qd8 16. Bf4 Kf8 17. Be3 Bd7 18. Na3 Rc8 19. Qd2 Kg7 20. Bd4 Bxd4 21. Qxd4+ Kh7 22. Re3 Rc7 23. Rae1 e5 24. dxe6 Bxe6 25. b4 Rc6 26. h3 Re8 27. Qf4 Kg7 28. Nc2 Qf6 29. Qg3 d5 30. Nd4 Rcc8 31. Qd6 Rcd8 32. Qb6 Bd7 33. Qxb7 Bc8 34. Qc7 Rd7 35. Qg3 Red8 36. Qe5 Bb7 37. Nf5+ 1-0

[Event "Oberliga Nord W9900"]
[Site "Germany"]
[Date "1999.11.07"]
[Round "?"]
[White "Schwekendiek, Ulrich"]
[Black "Olzem, Lothar"]
[Result "1-0"]
[WhiteElo "2297"]
[BlackElo "2188"]
[PlyCount "87"]
[EventDate "1999.??.??"]
[Source "www.chesslib.no"]
[SourceDate "2004.05.04"]

1. e4 c5 2. Nf3 d6 3. d4 cxd4 4. Nxd4 Nf6 5. Nc3 a6 6. Bc4 Qc7 7. Bb3 e6 8. f4 Nc6 9. f5 e5 10. Nxc6 bxc6 11. Bg5 h5 12. Qd3 a5 13. Bxf6 gxf6 14. Qc4 Ra7 15. Ba4 Bd7 16. O-O Rb7 17. a3 Qb6+ 18. Kh1 Qd4 19. Qxd4 exd4 20. Ne2 c5 21. Bxd7+ Kxd7 22. Nf4 Bh6 23. b3 Bxf4 24. Rxf4 d3 25. cxd3 Rxb3 26. Rh4 Rhb8 27. g4 hxg4 28. Rd1 g3 29. hxg3 Rxa3 30. g4 Rbb3 31. d4 cxd4 32. Rxd4 Ra2 33. Rd1 Re3 34. Rh6 Ke7 35. g5 fxg5 36. Rhxd6 Re1+ 37. Rxe1 Kxd6 38. e5+ Ke7 39. Rb1 Rf2 40. Rb7+ Kf8 41. f6 Kg8 42. Ra7 Ra2 43. Ra8+ Kh7 44. e6 1-0

[Event "GEO-ch U18"]
[Site "?"]
[Date "2000.??.??"]
[Round "?"]
[White "Akhalaia Nikoloz"]
[Black "Jobava Baadur"]
[Result "0-1"]
[WhiteElo "2054"]
[BlackElo "2430"]
[PlyCount "46"]
[EventDate "2000.??.??"]
[Source "www.chesslib.no"]
[SourceDate "2004.05.04"]

1. e4 c5 2. Nf3 d6 3. d4 cxd4 4. Nxd4 Nf6 5. Nc3 a6 6. Bc4 Nbd7 7. O-O b5 8. Bb3 Bb7 9. Re1 e6 10. f4 Nc5 11. e5 dxe5 12. fxe5 Nxb3 13. Nxb3 Nd5 14. Nxd5 Qxd5 15. Qxd5 Bxd5 16. Be3 Rc8 17. c3 Be7 18. Rac1 f6 19. exf6 gxf6 20. Nd4 h5 21. Bf2 Kf7 22. Bh4 Rhg8 23. Rc2 Rg4 0-1

[Event "CRO-chT2"]
[Site "Pula"]
[Date "1998.??.??"]
[Round "3"]
[White "Rezan, Sasa"]
[Black "Tomerlin, Sinisa"]
[Result "1-0"]
[WhiteElo "2265"]
[BlackElo "2215"]
[PlyCount "75"]
[EventDate "1998.??.??"]
[Source "www.chesslib.no"]
[SourceDate "2004.05.04"]

1. e4 c5 2. Nf3 d6 3. d4 cxd4 4. Nxd4 Nf6 5. Nc3 a6 6. Bc4 Bd7 7. O-O Nc6 8. Nxc6 Bxc6 9. Nd5 e6 10. Re1 Rc8 11. Bb3 Bb5 12. a4 Bc4 13. Bxc4 Rxc4 14. Qd3 Rc8 15. Nxf6+ Qxf6 16. Qb3 Rc7 17. Qb6 Rd7 18. Ra3 Qd8 19. Qd4 d5 20. Rg3 dxe4 21. Qxe4 Bc5 22. c3 O-O 23. Qe5 f5 24. Qxc5 f4 25. Bxf4 Rxf4 26. h3 Rd5 27. Qe3 Rf6 28. Rg4 Rdf5 29. f3 h5 30. Re4 Qd5 31. Rxe6 Rf7 32. Re8+ Kh7 33. Qe4 Qc5+ 34. Kh2 Qd6+ 35. Kh1 Qg3 36. Re3 g6 37. Rc8 Rg5 38. Re2 1-0

[Event "Bled opB"]
[Site "Bled"]
[Date "1998.07.16"]
[Round "1"]
[White "Rossen, Claus"]
[Black "Khamatgaleev, Alexej"]
[Result "0-1"]
[WhiteElo "2050"]
[BlackElo "2425"]
[PlyCount "56"]
[EventDate "1998.03.21"]
[Source "www.chesslib.no"]
[SourceDate "2004.05.04"]

1. e4 c5 2. Nf3 d6 3. d4 cxd4 4. Nxd4 Nf6 5. Nc3 a6 6. Bc4 b5 7. Bd3 Bb7 8. f3 g6 9. Be3 Nbd7 10. Qd2 e5 11. Nb3 b4 12. Ne2 a5 13. a3 bxa3 14. bxa3 a4 15. Nbc1 d5 16. Ng3 h5 17. h4 Be7 18. O-O dxe4 19. fxe4 Ng4 20. Bc4 Nxe3 21. Bxf7+ Kf8 22. Bd5+ Nxf1 23. Qf2+ Kg7 24. Qf7+ Kh6 25. Nf5+ gxf5 26. exf5 Nf8 27. Bxb7 Qb6+ 28. Kh1 Bxh4 0-1